000 00486nam a22001937a 4500
003 MPLRDC
005 20220104143358.0
008 210129b ||||| |||| 00| 0 eng d
020 _a983-9093-50-9
082 _a240.7 WQCS v.57
100 _a顾若菡等
245 _a开心家庭秘诀
_c
250 _a第一版
260 _a
_b文桥传播中心有限公司
_c1999
300 _b
490 _a文桥丛书. 57
650 _a基督教总论
942 _cBK
_o240.7 WQCS v.57
999 _c39326
_d39316